| 000 -LEADER | |
|---|---|
| fixed length control field | 00410nam a22001697a 4500 |
| 005 - DATE AND TIME OF LATEST TRANSACTION | |
| control field | 20170825172607.0 |
| 008 - FIXED-LENGTH DATA ELEMENTS--GENERAL INFORMATION | |
| fixed length control field | 160629b xxu||||| |||| 00| 0 eng d |
| 020 ## - INTERNATIONAL STANDARD BOOK NUMBER | |
| ISBN | 81-85749-58-2 |
| 041 ## - LANGUAGE CODE | |
| Language code of text/sound track or separate title | eng |
| 082 ## - DEWEY DECIMAL CLASSIFICATION NUMBER | |
| Item number | 15172 |
| 100 ## - MAIN ENTRY--AUTHOR NAME | |
| Personal name | Singh, Tarlok |
| 245 ## - TITLE STATEMENT | |
| Title | Basic Electrical Engineering |
| 260 ## - PUBLICATION, DISTRIBUTION, ETC. (IMPRINT) | |
| Name of publisher | S.K. Kataria & Sons |
| Year of publication | 2012 |
| 300 ## - PHYSICAL DESCRIPTION | |
| Number of Pages | 361 |
| 650 ## - SUBJECT ADDED ENTRY--TOPICAL TERM | |
| Topical Term | Diploma Engineering |
| 942 ## - ADDED ENTRY ELEMENTS (KOHA) | |
| Koha item type | Books |
| Lost status | Damaged status | Home library | Current library | Shelving location | Date acquired | Cost, normal purchase price | Full call number | Accession Number | Koha item type | Collection code |
|---|---|---|---|---|---|---|---|---|---|---|
| JRU Library | SHELF-38-I | 29/06/2016 | 165.00 | 15172 | 15172 | Books | ||||
| JRU Library | SHELF-38-H | 29/06/2016 | 165.00 | 15172 | 15173 | Books | ||||
| JRU Library | WR- 2 B | 29/06/2016 | 165.00 | 621.310 42 | 15174 | Books | ||||
| JRU Library | SHELF-38-H | 29/06/2016 | 165.00 | 15172 | 15175 | Books | ||||
| JRU Library | SHELF-38-H | 29/06/2016 | 165.00 | 15172 | 15176 | Books | ||||
| JRU Library | SHELF-38-H | 29/06/2016 | 165.00 | 15172 | 15177 | Books | ||||
| JRU Library | SHELF-38-H | 29/06/2016 | 165.00 | 15172 | 15178 | Books | ||||
| JRU Library | 29/06/2016 | 165.00 | 15172 | 15179 | Books | |||||
| JRU Library | SHELF-38-H | 29/06/2016 | 165.00 | 15172 | 15180 | Books | ||||
| JRU Library | SHELF-38-H | 29/06/2016 | 165.00 | 15172 | 15181 | Books | ||||
| JRU Library | WR- 2 B | 29/06/2016 | 165.00 | 621.310 42 | 15182 | Books | ||||
| JRU Library | SHELF-38-H | 29/06/2016 | 165.00 | 15172 | 15183 | Books | ||||
| JRU Library | SHELF-38-H | 29/06/2016 | 165.00 | 15172 | 15184 | Books | ||||
| JRU Library | WR- 2 B | 29/06/2016 | 165.00 | 621.310 42 | 15185 | Books | ||||
| JRU Library | WR- 2 B | 29/06/2016 | 165.00 | 621.310 42 | 15186 | Books | ||||
| JRU Library | SHELF-38-I | 29/06/2016 | 165.00 | 15172 | 15187 | Books | ||||
| JRU Library | SHELF-38-H | 29/06/2016 | 165.00 | 15172 | 15188 | Books | ||||
| JRU Library | SHELF-38-I | 29/06/2016 | 165.00 | 15172 | 15189 | Books | ||||
| JRU Library | SHELF-38-H | 29/06/2016 | 165.00 | 15172 | 15190 | Books | ||||
| JRU Library | SHELF-38-I | 29/06/2016 | 165.00 | 15172 | 15191 | Books | ||||
| JRU Library | SHELF-38-I | 29/06/2016 | 165.00 | 15172 | 15192 | Books | ||||
| JRU Library | WR- 2 B | 29/06/2016 | 165.00 | 621.310 42 | 15193 | Books | ||||
| JRU Library | SHELF-38-H | 29/06/2016 | 165.00 | 15172 | 15194 | Books | ||||
| JRU Library | SHELF-38-H | 29/06/2016 | 165.00 | 15172 | 15195 | Books | ||||
| JRU Library | SHELF-38-I | 29/06/2016 | 165.00 | 15172 | 15196 | Books | ||||
| JRU Library | SHELF-38-H | 29/06/2016 | 165.00 | 15172 | 15197 | Books | ||||
| JRU Library | WR- 2 B | 29/06/2016 | 165.00 | 621.310 42 | 15198 | Books | ||||
| JRU Library | WR- 2 B | 29/06/2016 | 165.00 | 621.310 42 | 15199 | Books | ||||
| JRU Library | SHELF-38-I | 29/06/2016 | 165.00 | 15172 | 15200 | Books | ||||
| JRU Library | WR- 2 B | 29/06/2016 | 165.00 | 621.310 42 | 15201 | Books | ||||
| JRU Library | WR- 2 B | 29/06/2016 | 165.00 | 621.310 42 | 15202 | Books | ||||
| JRU Library | SHELF-38-H | 29/06/2016 | 165.00 | 15172 | 15203 | Books | ||||
| JRU Library | WR- 2 B | 29/06/2016 | 165.00 | 621.310 42 | 15204 | Books | ||||
| JRU Library | SHELF-38-I | 29/06/2016 | 165.00 | 15172 | 15205 | Books | ||||
| JRU Library | SHELF-38-I | 29/06/2016 | 165.00 | 15172 | 15206 | Books | ||||
| JRU Library | SHELF-38-H | 29/06/2016 | 165.00 | 15172 | 15207 | Books | ||||
| JRU Library | SHELF-38-E | 29/06/2016 | 165.00 | 15172 | 15208 | Books | ||||
| JRU Library | SHELF-38-H | 29/06/2016 | 165.00 | 15172 | 15209 | Books | ||||
| JRU Library | WR- 2 B | 29/06/2016 | 165.00 | 621.310 42 | 15210 | Books | ||||
| JRU Library | SHELF-38-H | 29/06/2016 | 165.00 | 15172 | 15211 | Books | ||||
| JRU Library | SHELF-38-H | 29/06/2016 | 165.00 | 15172 | 15212 | Books | ||||
| JRU Library | SHELF-38-H | 29/06/2016 | 165.00 | 15172 | 15213 | Books | ||||
| JRU Library | WR- 2 B | 29/06/2016 | 165.00 | 621.310 42 | 15214 | Books | ||||
| JRU Library | SHELF-38-I | 29/06/2016 | 165.00 | 15172 | 15215 | Books | ||||
| JRU Library | WR- 2 B | 29/06/2016 | 165.00 | 621.310 42 | 15216 | Books | ||||
| JRU Library | SHELF-38-I | 29/06/2016 | 165.00 | 15172 | 15217 | Books | ||||
| JRU Library | SHELF-38-I | 29/06/2016 | 165.00 | 15172 | 15218 | Books | ||||
| JRU Library | SHELF-38-H | 29/06/2016 | 165.00 | 15172 | 15219 | Books | ||||
| JRU Library | JRU Library | SHELF-58-E | 29/06/2016 | 165.00 | 15172 | 15220 | Books | MINING | ||
| JRU Library | SHELF-38-I | 29/06/2016 | 165.00 | 15172 | 15221 | Books | ||||
| JRU Library | WR- 2 B | 29/06/2016 | 165.00 | 621.310 42 | 15222 | Books | ||||
| JRU Library | SHELF-38-H | 29/06/2016 | 165.00 | 15172 | 15223 | Books | ||||
| JRU Library | SHELF-38-H | 29/06/2016 | 165.00 | 15172 | 15224 | Books | ||||
| JRU Library | SHELF-38-I | 29/06/2016 | 165.00 | 15172 | 15225 | Books | ||||
| JRU Library | SHELF-38-H | 29/06/2016 | 165.00 | 15172 | 15226 | Books | ||||
| JRU Library | SHELF-38-H | 29/06/2016 | 165.00 | 15172 | 15227 | Books | ||||
| JRU Library | WR- 2 B | 29/06/2016 | 165.00 | 621.310 42 | 15228 | Books | ||||
| JRU Library | WR- 2 B | 29/06/2016 | 165.00 | 621.310 42 | 15229 | Books | ||||
| JRU Library | SHELF-38-H | 29/06/2016 | 165.00 | 15172 | 15230 | Books | ||||
| JRU Library | SHELF-38-H | 29/06/2016 | 165.00 | 15172 | 15231 | Books | ||||
| JRU Library | 29/06/2016 | 165.00 | 15172 | 15232 | Books | |||||
| JRU Library | SHELF-38-I | 29/06/2016 | 165.00 | 15172 | 15233 | Books | ||||
| JRU Library | 29/06/2016 | 165.00 | 15172 | 15234 | Books | |||||
| JRU Library | SHELF-38-H | 29/06/2016 | 165.00 | 15172 | 15235 | Books | ||||
| JRU Library | SHELF-38-H | 29/06/2016 | 165.00 | 15172 | 15236 | Books | ||||
| JRU Library | SHELF-38-H | 29/06/2016 | 165.00 | 15172 | 15237 | Books | ||||
| JRU Library | WR- 2 B | 29/06/2016 | 165.00 | 621.310 42 | 15238 | Books | ||||
| JRU Library | SHELF-38-I | 29/06/2016 | 165.00 | 15172 | 15239 | Books | ||||
| JRU Library | SHELF-38-H | 29/06/2016 | 165.00 | 15172 | 15240 | Books | ||||
| JRU Library | SHELF-38-H | 29/06/2016 | 165.00 | 15172 | 15241 | Books | ||||
| JRU Library | SHELF-38-H | 29/06/2016 | 165.00 | 15172 | 15242 | Books | ||||
| JRU Library | WR- 2 B | 29/06/2016 | 165.00 | 621.310 42 | 15243 | Books | ||||
| JRU Library | WR- 2 B | 29/06/2016 | 165.00 | 621.310 42 | 15244 | Books | ||||
| JRU Library | WR- 2 B | 29/06/2016 | 165.00 | 621.310 42 | 15245 | Books | ||||
| JRU Library | WR- 2 B | 29/06/2016 | 165.00 | 621.310 42 | 15246 | Books | ||||
| JRU Library | SHELF-38-I | 29/06/2016 | 165.00 | 15172 | 15247 | Books | ||||
| JRU Library | WR- 2 B | 29/06/2016 | 165.00 | 621.310 42 | 15248 | Books | ||||
| JRU Library | WR- 2 B | 29/06/2016 | 165.00 | 621.310 42 | 15249 | Books | ||||
| JRU Library | WR- 2 B | 29/06/2016 | 165.00 | 621.310 42 | 15250 | Books | ||||
| JRU Library | WR- 2 B | 29/06/2016 | 165.00 | 621.310 42 | 15251 | Books | ||||
| JRU Library | WR- 2 B | 29/06/2016 | 165.00 | 621.310 42 | 15252 | Books | ||||
| JRU Library | SHELF-38-H | 29/06/2016 | 165.00 | 15172 | 15253 | Books | ||||
| JRU Library | SHELF-38-I | 29/06/2016 | 165.00 | 15172 | 15254 | Books | ||||
| JRU Library | WR- 2 B | 29/06/2016 | 165.00 | 621.310 42 | 15255 | Books | ||||
| JRU Library | SHELF-38-H | 29/06/2016 | 165.00 | 15172 | 15256 | Books | ||||
| JRU Library | SHELF-38-I | 29/06/2016 | 165.00 | 15172 | 15257 | Books | ||||
| JRU Library | SHELF-38-G | 29/06/2016 | 165.00 | 15172 | 15258 | Books | ||||
| JRU Library | SHELF-38-H | 29/06/2016 | 165.00 | 15172 | 15259 | Books | ||||
| JRU Library | SHELF-38-H | 29/06/2016 | 165.00 | 15172 | 15260 | Books | ||||
| JRU Library | SHELF-38-H | 29/06/2016 | 165.00 | 15172 | 15261 | Books | ||||
| JRU Library | SHELF-38-H | 29/06/2016 | 165.00 | 15172 | 15262 | Books | ||||
| JRU Library | SHELF-38-H | 29/06/2016 | 165.00 | 15172 | 15263 | Books | ||||
| JRU Library | 29/06/2016 | 165.00 | 15172 | 15264 | Books | |||||
| JRU Library | SHELF-38-I | 29/06/2016 | 165.00 | 15172 | 15265 | Books | ||||
| JRU Library | WR- 2 B | 29/06/2016 | 165.00 | 621.310 42 | 15266 | Books | ||||
| JRU Library | WR- 2 B | 29/06/2016 | 165.00 | 621.310 42 | 15267 | Books | ||||
| JRU Library | SHELF-38-H | 29/06/2016 | 165.00 | 15172 | 15268 | Books | ||||
| JRU Library | 29/06/2016 | 165.00 | 15172 | 15269 | Books | |||||
| JRU Library | WR- 2 B | 29/06/2016 | 165.00 | 621.310 42 | 15270 | Books | ||||
| JRU Library | 29/06/2016 | 165.00 | 15172 | 15271 | Books | |||||
| JRU Library | SHELF-38-I | 29/06/2016 | 165.00 | 15172 | 15272 | Books | ||||
| JRU Library | WR- 2 B | 29/06/2016 | 165.00 | 621.310 42 | 15273 | Books | ||||
| JRU Library | WR- 2 B | 29/06/2016 | 165.00 | 621.310 42 | 15274 | Books | ||||
| JRU Library | SHELF-38-I | 29/06/2016 | 165.00 | 15172 | 15275 | Books | ||||
| JRU Library | 29/06/2016 | 165.00 | 15172 | 15276 | Books | |||||
| JRU Library | WR- 2 B | 29/06/2016 | 165.00 | 621.310 42 | 15277 | Books | ||||
| JRU Library | SHELF-38-I | 29/06/2016 | 165.00 | 15172 | 15278 | Books | ||||
| JRU Library | WR- 2 B | 29/06/2016 | 165.00 | 621.310 42 | 15279 | Books | ||||
| JRU Library | WR- 2 B | 29/06/2016 | 165.00 | 621.310 42 | 15280 | Books | ||||
| JRU Library | SHELF-38-H | 29/06/2016 | 165.00 | 15172 | 15281 | Books | ||||
| JRU Library | 29/06/2016 | 165.00 | 15172 | 15282 | Books |